Qué es el IVA : (Record no. 110384)

MARC details
000 -LEADER
campo de control de longitud fija 01310nam a2200289Ia 4500
001 - NÚMERO DE CONTROL
campo de control 46961
005 - FECHA Y HORA DE LA ÚLTIMA TRANSACCIÓN
campo de control 20230411085958.0
008 - DATOS DE LONGITUD FIJA--INFORMACIÓN GENERAL
campo de control de longitud fija 971031s1980 dr 000 0 spa d
035 ## - NÚMERO DE CONTROL DEL SISTEMA
Número de control de sistema (OCoLC)ocm37871635
040 ## - FUENTE DE CATALOGACIÓN
Centro catalogador/agencia de origen PSA
Lengua de catalogación spa
Centro/agencia transcriptor PSA
035 ## - NÚMERO DE CONTROL DEL SISTEMA
Número de control de sistema (OCoLC)37871635
043 ## - CÓDIGO DE ÁREA GEOGRÁFICA
Código de área geográfica cl-----
090 ## - LOCALMENTE ASIGNADO TIPO-LC NÚMERO DE CLASIFICACIÓN (OCLC); NÚMERO DE CLASIFICACIÓN LOCAL (RLIN)
Número de clasificación (OCLC) (R) ; Numero de clasificación, CALL (RLIN) (NR) Q3. 1980
049 ## - FONDOS LOCALES (OCLC)
Biblioteca depositaria GRAL
245 00 - MENCIÓN DEL TÍTULO
Título Qué es el IVA :
Resto del título impuesto general a las ventas tipo valor agregado : aspectos teóricos, técnicos y prácticos.
260 ## - PUBLICACIÓN, DISTRIBUCIÓN, ETC.
Lugar de publicación, distribución, etc. Santo Domingo, R.D. :
Nombre del editor, distribuidor, etc. Secretarâia de Estado de Finanzas, Departamento de Normas y Polâiticas Fiscales,
Fecha de publicación, distribución, etc. 1980.
300 ## - DESCRIPCIÓN FÍSICA
Extensión 66 p. ;
Dimensiones 22 cm.
490 0# - MENCIÓN DE SERIE
Mención de serie Colección Manuales de finanzas públicas ;
Designación de volumen o secuencia 3
500 ## - NOTA GENERAL
Nota general "El presente documento ha sido preparado por la Misión en la ALALC del Programa de Tributación de la OEA y la Secretaría de la Asociación, para su presentación en la V Reunión de Directores de Tributación Interna, Julio 1973-Quito-Ecuador."
500 ## - NOTA GENERAL
Nota general "Material de apoyo para los cursos de capacitación y adiestramiento de la Secretaría de Estado de Finanzas."
650 #0 - PUNTO DE ACCESO ADICIONAL DE MATERIA--TÉRMINO DE MATERIA
Término de materia o nombre geográfico como elemento de entrada Value-added tax
Subdivisión geográfica Latin America.
710 2# - ENTRADA AGREGADA--NOMBRE DE ENTIDAD CORPORATIVA
Nombre de entidad corporativa o nombre de jurisdicción como elemento de entrada Latin American Free Trade Association.
710 2# - ENTRADA AGREGADA--NOMBRE DE ENTIDAD CORPORATIVA
Nombre de entidad corporativa o nombre de jurisdicción como elemento de entrada Asociación Latinoamericana de Libre Comercio.
942 ## - ELEMENTOS DE ENTRADA SECUNDARIOS (KOHA)
Fuente del sistema de clasificación o colocación Clasificación de Library of Congress
Tipo de ítem Koha
946 ## - PROCESAMIENTO DE INFORMACIÓN LOCAL (OCLC)
a joacosta
994 ## -
-- C0
-- DRFGD
Holdings
Estatus retirado Estado de pérdida Fuente del sistema de clasificación o colocación Estado de daño No para préstamo Colección Biblioteca de origen Biblioteca actual Ubicación en estantería Fecha de adquisición Código de barras Visto por última vez Copia número Tipo de ítem Koha
    Clasificación de Library of Congress     Automatización y Procesos Técnicos Biblioteca Juan Bosch Biblioteca Juan Bosch Automatización y Procesos Técnicos (1er. Piso) 11/04/2023 00000047019 17/02/2019 1